Beyond hybridity and fundamentalism : (Record no. 94812)
[ view plain ]
| 000 -LEADER | |
|---|---|
| fixed length control field | 01086nam a22002657a 4500 |
| 005 - DATE AND TIME OF LATEST TRANSACTION | |
| control field | 20150901113253.0 |
| 010 ## - LCCN (DPL NO) | |
| LC control number | ENG-113430 |
| 020 ## - INTERNATIONAL STANDARD BOOK NUMBER | |
| International Standard Book Number | 0199453616 |
| Terms of availability | 750.00 |
| 020 ## - INTERNATIONAL STANDARD BOOK NUMBER | |
| International Standard Book Number | 9780199453610 |
| Terms of availability | 750.00 |
| 035 ## - SYSTEM CONTROL NUMBER | |
| System control number | EN-96962 |
| 037 ## - SOURCE OF ACQUISITION | |
| Source of stock number/acquisition | DBAD/PUB |
| 082 ## - DEWEY DECIMAL CLASSIFICATION NUMBER | |
| Classification number | 305.23088297 |
| 100 ## - MAIN ENTRY--PERSONAL NAME | |
| Personal name | Tabassum Ruhi Khan |
| 245 ## - TITLE STATEMENT | |
| Title | Beyond hybridity and fundamentalism : |
| Statement of responsibility, etc | by Tabassum Ruhi Khan |
| Remainder of title | emerging Muslim identity in globalized India / |
| 260 ## - PUBLICATION, DISTRIBUTION, ETC. (IMPRINT) | |
| Place of publication, distribution, etc | New Delhi |
| Name of publisher, distributor, etc | Oxford University Press |
| Date of publication, distribution, etc | 2015 |
| 270 ## - ADDRESS | |
| Address | YMCA Library Building, 1 Jai Singh Road |
| City | New Delhi |
| Postal code | 110001 |
| 300 ## - PHYSICAL DESCRIPTION | |
| Extent | 217p. |
| Dimensions | 23cm(Hb) |
| 500 ## - GENERAL NOTE | |
| General note | Includes bibliographical references (pages 190-211) and index. |
| 520 ## - SUMMARY, ETC. | |
| Summary, etc | Study conducted among Muslim youth in Jamia Nagar, New Delhi, India. |
| 650 ## - SUBJECT ADDED ENTRY--TOPICAL TERM | |
| Topical term or geographic name as entry element | Muslim youth |
| Geographic subdivision | India |
| -- | New Delhi. |
| 650 ## - SUBJECT ADDED ENTRY--TOPICAL TERM | |
| Topical term or geographic name as entry element | Muslim youth |
| General subdivision | Effect of technological innovations on |
| Geographic subdivision | India |
| -- | New Delhi. |
| 650 ## - SUBJECT ADDED ENTRY--TOPICAL TERM | |
| Topical term or geographic name as entry element | Identity (Psychology) in adolescence |
| Geographic subdivision | India |
| -- | New Delhi. |
| 650 ## - SUBJECT ADDED ENTRY--TOPICAL TERM | |
| Topical term or geographic name as entry element | Mass media and youth |
| Geographic subdivision | India |
| -- | New Delhi. |
| 942 ## - ADDED ENTRY ELEMENTS (KOHA) | |
| Source of classification or shelving scheme | Dewey Decimal Classification |
| Item type | English Books |
| Call number suffix | TAB |
| Classification part | 305.23088297 |
| Withdrawn status | Lost status | Not for loan | Collection code | Home library | Current library | Date acquired | Source of acquisition | Cost, normal purchase price | Full call number | Barcode | Copy number | Cost, replacement price | Koha item type |
|---|---|---|---|---|---|---|---|---|---|---|---|---|---|
| Not For Loan | Non-fiction | D.B.Act.Division | D.B.Act.Division | 10/07/2015 | DBAD/PUB | 750.00 | 305.23088297 TAB | EN-96962 | 1 | 750.00 | English Books |
